Transztextuális vonatkozások a modern magyar irodalomban
Elmentve itt :
| Szerző: | |
|---|---|
| További közreműködők: | |
| Dokumentumtípus: | Szakdolgozat |
| Megjelent: |
2013
|
| Tárgyszavak: | |
| Online Access: | http://diploma.bibl.u-szeged.hu/44282 |
| LEADER | 00559nta a2200157 i 4500 | ||
|---|---|---|---|
| 001 | dipl44282 | ||
| 005 | 20140917132655.0 | ||
| 008 | 140917s2013 hu om 0|| zxx d | ||
| 040 | |a SZTE Diploma Repozitórium |b hun | ||
| 041 | |a zxx | ||
| 100 | 1 | |a Skriba Mónika | |
| 245 | 1 | 0 | |a Transztextuális vonatkozások a modern magyar irodalomban |h [elektronikus dokumentum] / |c Mónika Skriba |
| 260 | |c 2013 | ||
| 650 | 4 | |a Bölcsészettudományok | |
| 700 | 1 | |a Cserjés Katalin |e ths | |
| 856 | 4 | 0 | |u http://diploma.bibl.u-szeged.hu/id/eprint/44282/1/2013_skriba_monika.pdf |z Dokumentum-elérés |